000 00897nmm a2200289 a 4500
001 ocm0002146931
003 TR-IsHL
005 20201028181727.0
008 190108s2017 tu tur
007 cr cn
020 _a9786051292304
035 _a2146931
_b(N$T)
050 0 4 _aPL248.Ş558
_bD45 2017
090 0 4 _aPL248.Ş558
_bD45 2017
100 1 _aŞimşek, Nil D.
245 1 0 _aDeli aşk
_h[electronic resource] /
_cNil D. Şimşek ; editör Eray Aydın
250 _a1. Baskı
260 _aİstanbul :
_bAkis Kitap,
_c2017
300 _a173 p.
650 4 _aDil ve Edebiyat
650 4 _aLanguage and Literature
650 0 _aTürk romanı
650 0 _aTurkish fiction
650 7 _aLITERARY COLLECTIONS / Middle Eastern
_2bisacsh
700 1 _aAydın, Eray
856 4 0 _uhttp://search.ebscohost.com/login.aspx?direct=true&scope=site&db=e011xww&AN=2146931
999 _c19736
_d19736